Most Popular Music Genre by U.S State - Statistics

General Stats
  • This quiz has been taken 33 times
  • The average score is 22 of 50
Answer Stats
State Genre % Correct
Alabama Country
100%
Alaska Country
84%
Arkansas Country
81%
California Pop
66%
Colorado Indie
53%
Arizona Metal
53%
Idaho Country
47%
Nebraska Country
47%
Georgia Classic Rock
44%
Illinois Classic Rock
44%
Indiana Classic Rock
44%
Kentucky Classic Rock
44%
New Hampshire Country
44%
Utah Country
44%
Virginia Country
44%
Connecticut Metal
44%
Florida Alternative
41%
Hawaii Blues
41%
Delaware Classic Rock
41%
Louisiana Classic Rock
41%
Michigan Classic Rock
41%
New Jersey Classic Rock
41%
New York Classic Rock
41%
South Carolina Classic Rock
41%
Ohio Country
41%
Pennsylvania Country
41%
Iowa Indie
41%
Massachusetts Indie
41%
North Carolina Indie
41%
Maine Alternative
38%
Montana Alternative
38%
Mississippi Classic Rock
38%
Missouri Classic Rock
38%
West Virginia Country
38%
Wisconsin Country
38%
Maryland Indie
38%
Tennessee Indie
38%
Vermont Indie
38%
Kansas Metal
38%
New Mexico Alternative
34%
Oregon Alternative
34%
Minnesota Indie
34%
Rhode Island Indie
34%
Washington Indie
34%
Wyoming Indie
34%
Texas Latin
34%
North Dakota Metal
34%
Oklahoma Metal
34%
South Dakota Metal
34%
Nevada Electronic
31%
No matching quizzes found
Score Distribution
Percent of People with Each Score
Percentile by Number Answered
Your Score History
You have not taken this quiz